LIBRARY & INFORMATION CENTRE, KCAET, TAVANUR

ONLINE PUBLIC ACCESS CATALOGUE (OPAC)

KAU 2000 AD Papers and Proceedings of the seminar held KAU from 2022 to 2024 (Record no. 19004)

MARC details
000 -LEADER
fixed length control field 00343nam a22001217a 4500
003 - CONTROL NUMBER IDENTIFIER
control field OSt
008 - FIXED-LENGTH DATA ELEMENTS--GENERAL INFORMATION
fixed length control field 250110b |||||||| |||| 00| 0 eng d
041 ## - LANGUAGE CODE
Language code of text/sound track or separate title eng
245 ## - TITLE STATEMENT
Title KAU 2000 AD Papers and Proceedings of the seminar held KAU from 2022 to 2024
250 ## - EDITION STATEMENT
Edition statement Menon, AGG; ed.
260 ## - PUBLICATION, DISTRIBUTION, ETC. (IMPRINT)
Name of publisher Kerala Agricultural University,
Year of publication 1984.
942 ## - ADDED ENTRY ELEMENTS (KOHA)
Koha item type Books
Holdings
Withdrawn status Lost status Damaged status Home library Current library Date acquired Accession Number Koha item type
Withdrawn     KAUAET KAUAET 10/01/2025 14766 Books
free website counter